000 00586nam a22002297a 4500
003 UA-OsUOA
001 22356
007 ta
008 20031219b un ||||| |||| 00| 0 ukr d
090 _a159.9
_bИ88
942 _cBK
040 _aUA-OsUOA
_brus
_cUA-OsUOA
_dUA-OsUOA
245 _aИсследование проблем психологии творчества
_cРед. Я.А.Пономарев
300 _a335 с.
955 _a0
041 _arus
080 _a159.9
260 _aМосква
_bНаука
_c1983
044 _aRU
650 7 _2UDC
999 _c308574
_d308574